[Event "ICS rated blitz match"]
[Site "204.178.125.65"]
[Date "1999.11.27"]
[Round "?"]
[White "Hossa"]
[Black "Uncle-Sam"]
[Result "1-0"]
[WhiteElo "2390"]
[BlackElo "2071"]
[Annotator "regina"]
[PlyCount "89"]
[EventDate "1999.??.??"]

1. e4 e6 2. f4 d5 3. exd5 exd5 4. d4 $146 ({RR} 4. Nf3 4... Bd6 ({RR} 4... Nf6
5. d4 c5 6. c3 Nc6 7. Bb5 Bd6 8. O-O O-O 9. Ne5 Qb6 10. Bxc6 bxc6 11. dxc5
Bxc5+ 12. Kh1 Ne4 13. Nd3 Ba6 14. b4 Bd6 15. Rf3 Bxd3 16. Qxd3 Nf2+ 17. Rxf2
Qxf2 18. Nd2 Rae8 19. Nf1 Re2 20. Qf3 Qxf3 21. gxf3 Re1 22. Kg2 22... Bxf4 {
1-0 Mahmuti,M-Ziger,S/Bern op 1991/EXP 21 (22)}) 5. d4 Ne7 6. Bd3 O-O 7. Nc3 c6
8. Ng5 Bf5 9. g4 Bxd3 10. Qxd3 Ng6 11. O-O Qc7 12. h4 h6 13. h5 hxg5 14. hxg6
fxg6 15. Qxg6 Bxf4 16. Bxf4 gxf4 17. Rae1 Nd7 18. Re7 {
1-0 Mahnke,E-Eicke,S/Wiesbaden op 1992/GER 03 (18)}) 4... c5 5. Nc3 cxd4 6.
Qxd4 Nf6 7. Bb5+ Nc6 8. Nf3 Bd7 9. Qe3+ Be7 10. O-O O-O 11. Re1 Bd6 12. Qd2
Bc5+ 13. Kh1 d4 14. Na4 Bb4 15. c3 dxc3 16. bxc3 Ba5 17. Nc5 Bc8 18. Nb3 Bb6
19. Ba3 Re8 20. Qxd8 Rxd8 21. Bxc6 bxc6 22. Be7 Re8 23. Bxf6 Rxe1+ 24. Rxe1
gxf6 25. Re8+ Kg7 26. Nbd4 Bb7 27. Nf5+ Kg6 28. N3h4+ Kh5 29. Rxa8 Bxa8 30. h3
c5 31. Kh2 Bxg2 32. Nxg2 c4 33. Nfe3 Ba5 34. Nd5 Kg6 35. Nge3 f5 36. Nxc4 Bd8
37. Ne5+ Kg7 38. c4 f6 39. Nc6 Bb6 40. Nxb6 axb6 41. Na7 Kf7 42. Nc8 Ke6 43.
Kg3 Kd7 44. Nxb6+ Kc6 45. Na4 {Uncle-Sam resigns} 1-0

[Event "ICS rated blitz match"]
[Site "204.178.125.65"]
[Date "1999.11.27"]
[Round "?"]
[White "Hossa"]
[Black "Uncle-Sam"]
[Result "1-0"]
[WhiteElo "2398"]
[BlackElo "2063"]
[PlyCount "39"]
[EventDate "1999.??.??"]

1. e4 e6 2. f4 d5 3. exd5 exd5 4. d4 Nf6 5. Nf3 c6 6. Bd3 Bg4 7. Qe2+ Be7 8.
O-O O-O 9. h3 Bxf3 10. Rxf3 Nbd7 11. Nd2 Bd6 12. Qf2 Re8 13. Re3 Rxe3 14. Qxe3
Qc7 15. Nf3 Re8 16. Ne5 Ne4 17. c4 f6 18. cxd5 cxd5 19. Bxe4 dxe4 20. Qb3+ {
Uncle-Sam resigns} 1-0

[Event "ICS rated blitz match"]
[Site "204.178.125.65"]
[Date "1999.11.27"]
[Round "?"]
[White "toothfairy"]
[Black "Hossa"]
[Result "0-1"]
[WhiteElo "2141"]
[BlackElo "2402"]
[Annotator "regina"]
[PlyCount "110"]
[EventDate "1999.??.??"]

1. e4 c5 2. c4 g6 3. Nf3 Bg7 4. d4 cxd4 5. Nxd4 Nf6 6. Nc3 O-O 7. Be2 Nc6 8.
Be3 d6 9. O-O Nxd4 10. Bxd4 b6 ({RR} 10... Nd7 11. Bxg7 Kxg7 12. Qd4+ f6 13.
Rfd1 a5 14. b3 Nc5 15. Rab1 Be6 16. Qe3 Bf7 17. a3 Nd7 18. b4 axb4 19. axb4 b6
20. Nd5 h5 21. Ra1 Bxd5 22. cxd5 Qb8 23. Bb5 Rd8 24. f4 Nf8 25. Bc6 Ra7 26.
Rxa7 Qxa7 27. e5 dxe5 28. fxe5 Nd7 29. exf6+ Nxf6 30. Qe5 b5+ 31. Kh1 Kf8 32.
h3 Rd6 33. Re1 Qc7 34. Bxb5 Kf7 35. Bc6 Ng8 36. b5 Qb6 37. Bd7 Kf8 38. Bc6 {
1-0 Adams,M-Young,A/New York op 1995/EXP 47 (38)}) 11. Qd2 ({RR} 11. f4 11...
Bd7 12. Qd2 Bc6 13. Bf3 e5 14. Be3 Qc7 15. Rac1 Rfd8 16. fxe5 dxe5 17. Nd5 Qb7
18. Bg5 Bxd5 19. cxd5 Rdc8 20. Rxc8+ Rxc8 21. Bxf6 Bxf6 22. Bg4 Rc4 23. Rxf6 {
1-0 Van Hecke,E-Van Eekhout,M/Vlissingen op 1996/EXP 53 (23)}) 11... Ba6 $146 (
{RR} 11... Bb7 12. Rac1 ({RR} 12. f3 12... Rc8 ({RR} 12... a5 13. Rfc1 Nd7 14.
Be3 Nc5 15. Rab1 f5 16. exf5 gxf5 17. Nd5 Nd7 18. Bf1 Rf7 19. Nf4 Rf6 20. Qf2
e5 21. Nh5 Rg6 22. Nxg7 Kxg7 23. Rd1 f4 24. Bd2 Nc5 25. Bc3 a4 26. Bxe5+ dxe5
27. Rxd8 {Berube,R-Vitaljic,N/New York op 1993/TD 93\03/1-0 (60)}) 13. Rac1 Qd7
14. Rfd1 Rfd8 15. b3 Ne8 16. Be3 Nc7 17. a4 Ne6 18. Qa2 h5 19. a5 bxa5 20. Bxa7
Ra8 21. Be3 Bc6 22. Kh1 Qb7 23. Nd5 Nc5 24. Rb1 Rdb8 25. Bf4 Bxd5 26. Rxd5
26... Qb4 {David,A-Blecken,V/OLNW 1992/BIG 90/0-1 (54)}) 12... Qd7 13. f3 Rfc8
14. Rfd1 Qe6 15. Bf1 h5 16. Ne2 Kh7 17. Nf4 Qd7 18. Be3 Qe8 19. Nh3 Kg8 20. Nf2
Kh7 21. b3 Nd7 22. g3 Ne5 23. Bg2 Rd8 24. f4 Nc6 25. Nh3 f6 26. Rf1 {
Kamp,C-Matt,A/BL2-W 8788 1988/BL2/0-1 (45)}) 12. Rac1 Rc8 13. b3 Qd7 14. f3 Kh8
15. Rfd1 Rfd8 16. Be3 Ng8 17. Nd5 e6 18. Nc3 Qe7 19. Bf4 Be5 20. Bxe5+ dxe5 21.
Qb2 Qc5+ 22. Kf1 f6 23. Rxd8 Rxd8 24. Rd1 Rxd1+ 25. Nxd1 Qd6 26. Nf2 Qb4 27.
Nd3 Qf8 28. Qc3 g5 29. Qb4 Qxb4 30. Nxb4 Bb7 31. Nd3 Ne7 32. c5 Nc6 33. cxb6
axb6 34. Nb2 Nb4 35. a4 Bc6 36. Bc4 Bd7 37. Nd3 Nc2 38. Ke2 Kg7 39. Kd2 Nd4 40.
Nb2 Bc6 41. Kc3 g4 42. fxg4 Bxe4 43. g3 Bf3 44. g5 fxg5 45. b4 Kf6 46. a5 bxa5
47. bxa5 Nf5 48. a6 Nd6 49. Nd3 Bd5 50. Nb2 Bc6 51. Nd3 e4 52. Nc5 e5 53. a7
Nc8 54. Nd7+ Kf5 55. Nxe5 55... Kxe5 {toothfairy resigns} 0-1

[Event "ICS rated blitz match"]
[Site "204.178.125.65"]
[Date "1999.11.27"]
[Round "?"]
[White "Hossa"]
[Black "brutus"]
[Result "1-0"]
[WhiteElo "2414"]
[BlackElo "2131"]
[Annotator "Hiarcs 7.32 (11s)"]
[PlyCount "41"]
[EventDate "1999.??.??"]

1. e4 1... e6 {Opening = 2.f4 ---} 2. f4 d5 (2... Nc6 3. Nf3 b6 4. Be2 Bb7 5.
O-O h6 6. h3 f5 7. exf5 exf5 8. Re1 Be7 9. Bd3 g6 10. Qe2 Nf6 11. Nh4 Kf7 12.
Bc4+ d5 13. Bb3 Bc5+ 14. Kh2 Ne4 15. Nf3 Qd6 16. d3 Nf6 17. Ne5+ Kg7 18. Nxc6
Qxc6 19. Qe7+ 19... Bxe7 {
0-1 Graf,J-Radonich,L/Balatonbereny 1993/EXT 93op (19)}) 3. exd5 $146 (3. e5 c5
4. d4 (4. c3 Qb6 5. d3 Ne7 6. Nf3 Nec6 7. Na3 Be7 8. Nc2 Nd7 9. g3 O-O 10. Bh3
f5 11. O-O Qd8 12. Qe2 b6 13. Bd2 Ba6 14. g4 g6 15. Kh1 Kh8 16. Rg1 Rg8 17. Rg2
Qf8 18. Rag1 18... Qh6 {
Mereacre,N-Zielinska,M/WchJW-U18 Guarapuava 1995/JUN 95/1/2-1/2 (56)}) 4... Qb6
5. Nf3 Bd7 6. c3 cxd4 7. cxd4 Bb5 8. Qb3 Bxf1 9. Qxb6 axb6 10. Rxf1 Nc6 11. Nc3
Nb4 12. Kd2 h5 13. a3 Nh6 14. Nb5 Kd7 15. Rb1 Nc6 16. Kd3 Be7 17. Bd2 17...
Rhc8 {Joehnk,C-Marxen,T/GER-chJI U20 Hamburg 1993/TD 93\05/1/2-1/2 (38)}) (3.
Nc3 dxe4 (3... d4 4. Nce2 c5 5. Nf3 b6 6. Ng3 Nf6 7. Bb5+ Nfd7 8. f5 exf5 9.
exf5 a6 10. Bc4 Be7 11. O-O O-O 12. a4 Bb7 13. d3 Nc6 14. Bf4 Nf6 15. Qd2 Nd5
16. Bg5 f6 17. Bf4 Kh8 18. Rae1 {
Lachmayer,M-Gaus,W/OLWuert 1991/GER 01/0-1 (39)}) 4. Nxe4 Nf6 5. Nf2 b6 6. Nf3
Bb7 7. Bb5+ c6 8. Bc4 Bd6 9. d4 O-O 10. O-O c5 11. c3 Nc6 12. f5 exf5 13. Bg5
cxd4 14. Nxd4 Nxd4 15. Qxd4 Qc7 16. Qh4 Qc6 17. Qh3 Qxc4 18. Bxf6 gxf6 19. Qxf5
Qc6 20. Qh3 Kh8 21. Ng4 Rg8 22. Rf5 22... Rxg4 {
0-1 Busslapp,H-Thiemonds,U/NRW-I 1991/TD 91\01 (22)}) 3... Qxd5 $11 (3... exd5
$5 4. d4 4... Bf5 $15) 4. Nc3 Qd8 5. Bb5+ (5. d4 5... Bb4 $11) 5... Bd7 6. Qe2
Nf6 7. f5 Qe7 8. Bxd7+ Nbxd7 9. Nb5 O-O-O 10. fxe6 10... fxe6 $14 (10... Re8 $5
11. Nxa7+ 11... Kb8 $11) 11. Nxa7+ Kb8 12. Nb5 12... Qc5 $16 (12... c6 $5 {
steht zur Diskussion} 13. Nc3 13... Qb4 $14) 13. d4 {
Weiss entwickelt eine toedliche Initiative} 13... Qb6 14. Nf3 Bd6 15. O-O Rhe8
(15... e5 16. Be3 exd4 17. Nxd6 Qxd6 18. Bxd4 $16) 16. Be3 $16 (16. c4 $5 16...
Qc6 $18) 16... Nd5 $18 (16... e5 $5 $142 17. Nxd6 $1 {
danach kommt Weiss in Vorteil} 17... Qxd6 $16) 17. Bg5 Be7 18. c4 N5f6 19. Bf4
Bd6 (19... Rc8 20. a3 $18) 20. c5 Bxc5 (20... Nxc5 {
bot noch bessere Widerstandsmoeglichkeiten} 21. Nxd6 cxd6 22. dxc5 Qxc5+ 23.
Be3 23... Qa5 $18) 21. Bxc7+ (21. Bxc7+ Qxc7 22. Nxc7 Kxc7 23. dxc5 $18) 1-0

[Event "ICS rated blitz match"]
[Site "204.178.125.65"]
[Date "1999.11.27"]
[Round "?"]
[White "Hossa"]
[Black "ComputoJon"]
[Result "1/2-1/2"]
[WhiteElo "2419"]
[BlackElo "2311"]
[PlyCount "171"]
[EventDate "1999.??.??"]

1. e4 c5 2. Nf3 e6 3. d4 cxd4 4. Nxd4 a6 5. Nc3 Qc7 6. Bd3 Nf6 7. O-O b5 8. Bd2
Bb7 9. a3 Bd6 10. g3 Be7 11. Qe2 d6 12. Rad1 Nbd7 13. a4 b4 14. Na2 d5 15. exd5
Nxd5 16. c3 h5 17. Nxb4 Nxb4 18. cxb4 h4 19. g4 Bd6 20. f4 Qb6 21. Qf2 Bxb4 22.
Rfe1 Bc5 23. Be3 O-O 24. Bb1 Nf6 25. g5 Bxd4 26. Bxd4 Qc6 27. Kf1 Ng4 28. Bh7+
Kxh7 29. Qxh4+ Nh6 30. Qh3 Rad8 31. gxh6 gxh6 32. b3 Rg8 33. Qd3+ f5 34. Re2
Qh1+ 35. Kf2 Rg2+ 36. Ke3 Rxe2+ 37. Kxe2 Qg2+ 38. Ke1 Bf3 39. Rd2 Qh1+ 40. Qf1
Qxf1+ 41. Kxf1 Bd5 42. b4 Kg6 43. Be5 Kf7 44. Kf2 Rc8 45. b5 axb5 46. axb5 Rc4
47. b6 Rb4 48. Bd4 Ke8 49. h4 h5 50. Rd3 Kd7 51. Rd1 Kc6 52. Rd2 Ra4 53. Rd3
Kb7 54. Ke3 Rb4 55. Ra3 Rb3+ 56. Rxb3 Bxb3 57. Kd3 Bd5 58. Bf2 Ba2 59. Kc3 Bd5
60. Kb4 Ba2 61. Kc5 Bd5 62. Kd6 Bb3 63. Be3 Bc4 64. Bg1 Bb3 65. Bd4 Bc4 66. Kc5
Bd5 67. Be5 Bb3 68. Ba1 Bd5 69. Bc3 Bb3 70. Be5 Bd5 71. Ba1 Bb3 72. Bb2 Bd5 73.
Bf6 Bb3 74. Bg7 Bd5 75. Bd4 Bb3 76. Bf6 Bd5 77. Be7 Bb3 78. Bd6 Bd5 79. Kb5
Bc6+ 80. Ka5 Bd5 81. Be5 Bc4 82. Bf6 Bd5 83. Kb5 Bc6+ 84. Ka5 Bd5 85. Kb5 Bc6+
86. Ka5 {Game drawn by mutual agreement} 1/2-1/2

[Event "ICS rated blitz match"]
[Site "204.178.125.65"]
[Date "1999.11.27"]
[Round "?"]
[White "R-172"]
[Black "Hossa"]
[Result "1-0"]
[WhiteElo "2170"]
[BlackElo "2414"]
[PlyCount "103"]
[EventDate "1999.??.??"]

1. e4 c6 2. d4 d5 3. e5 Bf5 4. Nc3 Qb6 5. g4 Bd7 6. h3 e6 7. Nge2 c5 8. Be3 Nc6
9. Na4 Qb4+ 10. c3 Nxe5 11. dxe5 Qxa4 12. Qxa4 Bxa4 13. Bg2 Be7 14. c4 d4 15.
Bd2 Bc6 16. Bxc6+ bxc6 17. Ng3 Rb8 18. O-O-O Kd7 19. Ne4 h5 20. Bg5 Bxg5+ 21.
Nxg5 hxg4 22. hxg4 Rxh1 23. Rxh1 Nh6 24. f3 Rb4 25. b3 Kc7 26. Ne4 Rb8 27. Nxc5
Rd8 28. Kd2 Kb6 29. b4 a5 30. a3 axb4 31. axb4 Ra8 32. Rb1 Ng8 33. Kd3 Rd8 34.
Ra1 g5 35. Ra6+ Kc7 36. Ra7+ Kc8 37. Rxf7 Re8 38. Nb7 Kb8 39. Nd6 Rd8 40. Kxd4
Ka8 41. Kc5 Nh6 42. Rh7 Ng8 43. Kxc6 Rf8 44. b5 Rxf3 45. b6 Rf8 46. c5 Rd8 47.
Kb5 Nf6 48. exf6 Kb8 49. c6 Rc8 50. Nxc8 e5 51. Nd6 e4 52. Rh8# {
Hossa checkmated} 1-0

[Event "ICS rated standard match"]
[Site "204.178.125.65"]
[Date "1999.11.27"]
[Round "?"]
[White "prg3"]
[Black "Hossa"]
[Result "1-0"]
[WhiteElo "2158"]
[BlackElo "2219"]
[PlyCount "143"]
[EventDate "1999.??.??"]

1. d4 Nf6 2. c4 e6 3. Nc3 Bb4 4. Qc2 O-O 5. a3 Bxc3+ 6. Qxc3 b6 7. Bg5 Bb7 8.
f3 Nc6 9. e3 d6 10. Bd3 h6 11. Bh4 e5 12. d5 Nb8 13. Ne2 Nxd5 14. Bxd8 Nxc3 15.
Bxc7 Na6 16. Bxd6 Rfd8 17. Nxc3 Rxd6 18. O-O-O Rad8 19. Be4 Nc5 20. Rxd6 Rxd6
21. Bxb7 Nxb7 22. Kc2 Rg6 23. g4 h5 24. h3 Rf6 25. Rf1 Na5 26. b3 hxg4 27. hxg4
Rh6 28. Nd5 Rh3 29. Kc3 Nb7 30. b4 Kf8 31. a4 f6 32. Kd3 Kf7 33. f4 Ke6 34.
fxe5 Kxe5 35. g5 f5 36. Ne7 a5 37. Rxf5+ Ke6 38. Rb5 Kxe7 39. Rxb6 Nd6 40. bxa5
Nf5 41. a6 Rxe3+ 42. Kd2 Ra3 43. Rb4 Ra2+ 44. Kc1 Rh2 45. a7 Rh1+ 46. Kd2 Rh2+
47. Ke1 Rh8 48. Rb8 Rh1+ 49. Kf2 Rh2+ 50. Kg1 Rh5 51. a8=Q Rxg5+ 52. Kf2 Nd6
53. Rb6 Rf5+ 54. Ke2 Re5+ 55. Kd3 Re3+ 56. Kc2 Re2+ 57. Kd1 Rd2+ 58. Ke1 Rd4
59. Qa7+ Kf6 60. c5 Re4+ 61. Kf2 Kf5 62. cxd6 Rf4+ 63. Ke3 Re4+ 64. Kd3 Rh4 65.
Qf7+ Kg4 66. Rb4+ Kg3 67. Qg6+ Kh3 68. Qf5+ Kg2 69. Rxh4 g6 70. Rg4+ Kh3 71.
Qf3+ Kh2 72. Qg2# {Hossa checkmated} 1-0

[Event "ICS rated blitz match"]
[Site "204.178.125.65"]
[Date "1999.11.28"]
[Round "?"]
[White "Hossa"]
[Black "ural"]
[Result "1-0"]
[WhiteElo "2388"]
[BlackElo "2264"]
[PlyCount "91"]
[EventDate "1999.??.??"]

1. e4 d5 2. exd5 Qxd5 3. Nc3 Qa5 4. d4 Nf6 5. Nf3 Nc6 6. Bb5 Ne4 7. Bd2 Nxc3 8.
Bxc6+ bxc6 9. bxc3 Ba6 10. Ne5 Qd5 11. Qg4 h5 12. Qf5 g6 13. Qf3 Qxf3 14. gxf3
c5 15. dxc5 Bg7 16. f4 g5 17. Rg1 f6 18. Ng6 Rh6 19. Nh4 g4 20. f3 Bc8 21. f5
Rh7 22. fxg4 Kf7 23. Ke2 hxg4 24. Rxg4 Bh6 25. Bxh6 Rxh6 26. Rag1 Ba6+ 27. Ke3
Rah8 28. Ng6 Rh3+ 29. Kf4 R8h5 30. Re1 Rxf5+ 31. Kxf5 Bc8+ 32. Kf4 Bxg4 33.
Kxg4 Rxh2 34. Nxe7 Rxc2 35. Nf5 Kg6 36. Re7 Rg2+ 37. Kh3 Rxa2 38. Nh4+ Kg5 39.
Rg7+ Kf4 40. Ng2+ Ke4 41. Re7+ Kd3 42. Rxc7 Kxc3 43. c6 a5 44. Rd7 Rc2 45. Ne3
Rc1 46. Rd1 {ural resigns} 1-0

[Event "ICS rated blitz match"]
[Site "204.178.125.65"]
[Date "1999.11.28"]
[Round "?"]
[White "Hossa"]
[Black "ural"]
[Result "1-0"]
[WhiteElo "2402"]
[BlackElo "2230"]
[PlyCount "127"]
[EventDate "1999.??.??"]

1. e4 d5 2. exd5 Qxd5 3. Nc3 Qa5 4. d4 Nf6 5. Nf3 Nc6 6. Bb5 Ne4 7. Bd2 Nxc3 8.
Bxc6+ bxc6 9. bxc3 Ba6 10. Ne5 Qd5 11. Qg4 f6 12. Nd3 h5 13. Qg6+ Qf7 14. Nf4
Qxg6 15. Nxg6 Rh7 16. Rb1 Kf7 17. Nxf8 Rxf8 18. Bf4 e5 19. dxe5 Re8 20. Kd2 g5
21. Be3 Rxe5 22. Bxa7 Kg6 23. Be3 Rd7+ 24. Kc1 f5 25. Kb2 f4 26. Bd4 Ra5 27.
Rhe1 Bc4 28. Ra1 c5 29. Be5 Rd2 30. a4 Rxf2 31. g3 f3 32. Bxc7 Ra6 33. h4 g4
34. Re5 Re2 35. Rg5+ Kf7 36. Rxh5 Bd3 37. Rxc5 Rxc2+ 38. Ka3 f2 39. Kb3 Rf6 40.
Rd5 Be4 41. Rd7+ Kg6 42. Rf1 Re2 43. Bd8 Rf3 44. Rd6+ Kf7 45. Bb6 Bc2+ 46. Kb4
Re4+ 47. c4 Rb3+ 48. Ka5 Re5+ 49. Rd5 Rxd5+ 50. cxd5 Rxg3 51. Rxf2+ Rf3 52.
Rxc2 g3 53. Kb5 Rf4 54. Rc3 Rg4 55. Rc4 Rg8 56. Rf4+ Ke7 57. Bc5+ Kd7 58. Rf7+
Kc8 59. Kc6 g2 60. d6 Kb8 61. Rb7+ Ka8 62. d7 Rg6+ 63. Kc7 Rg8 64. Ra7# {
ural checkmated} 1-0

[Event "ICS rated blitz match"]
[Site "204.178.125.65"]
[Date "1999.11.28"]
[Round "?"]
[White "ural"]
[Black "Hossa"]
[Result "0-1"]
[WhiteElo "2217"]
[BlackElo "2409"]
[PlyCount "66"]
[EventDate "1999.??.??"]

1. e4 c6 2. d4 d5 3. e5 Bf5 4. Nf3 e6 5. a3 c5 6. dxc5 Bxc5 7. b4 Bb6 8. Nd4
Bxd4 9. Qxd4 Bxc2 10. Bb5+ Nd7 11. O-O Ne7 12. Bg5 a6 13. Bxd7+ Qxd7 14. Rc1
Nf5 15. Qd2 Bxb1 16. Raxb1 O-O 17. g4 Ne7 18. h4 Nc6 19. Bf4 f6 20. exf6 e5 21.
Bg3 Rxf6 22. g5 Nd4 23. Kg2 Nf3 24. Qd1 Rf7 25. Rc5 Rd8 26. b5 Qe6 27. bxa6
bxa6 28. Rbc1 d4 29. Qd3 Qg4 30. Rh1 Rdf8 31. Qc4 Nd2 32. Qa2 Qe4+ 33. Kh3
33... Qxh1+ {ural resigns} 0-1

[Event "ICS rated blitz match"]
[Site "204.178.125.65"]
[Date "1999.11.28"]
[Round "?"]
[White "herbas64"]
[Black "Hossa"]
[Result "0-1"]
[WhiteElo "2353"]
[BlackElo "2415"]
[PlyCount "47"]
[EventDate "1999.??.??"]

1. d4 d5 2. Bg5 Nf6 3. e3 h6 4. Bxf6 exf6 5. g3 Bb4+ 6. c3 Bd6 7. Bg2 c6 8. Ne2
O-O 9. O-O Qb6 10. Qd2 Re8 11. b3 Bg4 12. c4 dxc4 13. bxc4 Bxe2 14. c5 Bxc5 15.
dxc5 Qa6 16. Re1 Bh5 17. Nc3 Qa5 18. Rab1 Rd8 19. Qb2 Nd7 20. Ne4 Bg6 21. Qxb7
Bxe4 22. Bxe4 Nxc5 23. Qxc6 Rac8 24. Red1 {herbas64 resigns} 0-1

[Event "ICS rated blitz match"]
[Site "204.178.125.65"]
[Date "1999.11.28"]
[Round "?"]
[White "Hossa"]
[Black "Amateur"]
[Result "1/2-1/2"]
[WhiteElo "2428"]
[BlackElo "2483"]
[PlyCount "110"]
[EventDate "1999.??.??"]

1. e4 e5 2. Nf3 Nc6 3. Bb5 a6 4. Bxc6 dxc6 5. O-O Bd6 6. d4 Bg4 7. dxe5 Bxf3 8.
Qxf3 Bxe5 9. Qb3 b6 10. Be3 Nf6 11. Nd2 Ng4 12. Nf3 Qf6 13. c3 Nxe3 14. fxe3
O-O 15. Rae1 Bd6 16. Rd1 Rae8 17. Qa4 Qe6 18. e5 Bxe5 19. Nxe5 Qxe5 20. Qxc6
Qxe3+ 21. Kh1 Qe2 22. Qxc7 Qxb2 23. a4 Qb3 24. Rd6 Qxa4 25. Qxb6 a5 26. Qa6 Qa2
27. Rd7 Re2 28. Qc6 Rf2 29. Rdd1 Rxf1+ 30. Rxf1 a4 31. c4 a3 32. Qa4 Qb2 33. c5
a2 34. c6 Qb1 35. Qa6 Re8 36. c7 Qc2 37. h3 Qxc7 38. Qxa2 g5 39. Qf2 Re5 40. h4
h6 41. hxg5 hxg5 42. Qd2 g4 43. Rf4 Re1+ 44. Kh2 Rd1 45. Qe3 Rc1 46. Qe4 Rc3
47. Qf5 g3+ 48. Kh3 Kf8 49. Qh7 Qd7+ 50. Rf5 Rc5 51. Qh8+ Ke7 52. Qf6+ Kf8 53.
Qh8+ Ke7 54. Qf6+ Ke8 55. Qh8+ 55... Ke7 {Game drawn by repetition} 1/2-1/2

[Event "ICS rated blitz match"]
[Site "204.178.125.65"]
[Date "1999.11.28"]
[Round "?"]
[White "Erikasparov"]
[Black "Hossa"]
[Result "1-0"]
[WhiteElo "2420"]
[BlackElo "2431"]
[PlyCount "121"]
[EventDate "1999.??.??"]

1. e4 c6 2. d4 d5 3. exd5 cxd5 4. c4 Nf6 5. Nc3 e6 6. Nf3 Be7 7. cxd5 Nxd5 8.
Bd3 Nc6 9. O-O O-O 10. a3 Nf6 11. Re1 b6 12. Bc2 Ba6 13. Bg5 Rc8 14. Qd2 Qc7
15. Rac1 Rfd8 16. Ne4 Nd5 17. b4 f6 18. Bh4 Qd7 19. Ba4 Bb7 20. Nc3 g5 21. Bg3
g4 22. Nh4 Nxc3 23. Qxc3 a6 24. Qe3 b5 25. Bb3 Nxd4 26. Rcd1 Rc6 27. Nf5 Nxf5
28. Rxd7 Nxe3 29. Rxe7 Nxg2 30. R1xe6 Rc1+ 31. Re1+ Rc4 32. Rc1 Bf3 33. Bxc4+
bxc4 34. h3 Rd4 35. hxg4 Rxg4 36. Ra7 h5 37. Rc3 Bd5 38. Kf1 Re4 39. f3 Re3 40.
Rxe3 Nxe3+ 41. Kf2 Nd1+ 42. Ke2 Nc3+ 43. Ke3 Nb1 44. Rxa6 c3 45. Kd3 Bxf3 46.
Rxf6 Bd1 47. Be5 Kh7 48. b5 c2 49. Bb2 h4 50. b6 c1=R 51. Bxc1 Nxa3 52. b7 Bc2+
53. Ke2 Kg7 54. Rf4 Nb1 55. b8=Q Nc3+ 56. Ke1 Bf5 57. Qe5+ Kf7 58. Rxf5+ Kg6
59. Rg5+ Kf7 60. Rg7+ Kf8 61. Qe7# {Hossa checkmated} 1-0

[Event "ICS Rated blitz match"]
[Site "204.178.125.65"]
[Date "1999.11.28"]
[Round "?"]
[White "Hossa"]
[Black "MAXIALVAREZ-GM"]
[Result "1-0"]
[WhiteElo "2414"]
[BlackElo "2165"]
[PlyCount "85"]
[EventDate "1999.??.??"]

1. e4 e6 2. f4 d5 3. exd5 exd5 4. d4 Nf6 5. Nf3 Bd6 6. Bd3 O-O 7. O-O c6 8. Re1
Bg4 9. h3 Bxf3 10. Qxf3 Nbd7 11. c3 Qb6 12. b3 Rae8 13. Be3 a5 14. Nd2 c5 15.
Re2 cxd4 16. cxd4 Re7 17. Rc1 Rfe8 18. Nf1 Nf8 19. Bf5 Ng6 20. Bxg6 hxg6 21. f5
gxf5 22. Qxf5 Ba3 23. Rc8 Bc1 24. Rxc1 Qb5 25. Rce1 Ne4 26. Bf2 Re6 27. Ne3 Rf6
28. Qxd5 Qb4 29. Nc2 Qc3 30. Rxe4 Rxe4 31. Qxe4 Re6 32. Qf5 g6 33. Qc5 Rxe1+
34. Bxe1 Qd3 35. Bxa5 Qd1+ 36. Kh2 Qb1 37. Qc8+ Kg7 38. d5 Qxa2 39. Bc3+ f6 40.
Qxb7+ Kh6 41. Bxf6 Qxc2 42. Qg7+ Kh5 43. Qh8# {MAXIALVAREZ-GM checkmated} 1-0

[Event "ICS unrated blitz match"]
[Site "204.178.125.65"]
[Date "1999.11.28"]
[Round "?"]
[White "GeorgeVidan"]
[Black "Hossa"]
[Result "1-0"]
[WhiteElo "2321"]
[BlackElo "2420"]
[PlyCount "88"]
[EventDate "1999.??.??"]

1. f4 g6 2. d4 Nf6 3. Nf3 d5 4. e3 Bh6 5. Bd3 O-O 6. Nbd2 Na6 7. c3 Bg4 8. h3
Bd7 9. g3 e6 10. g4 Bg7 11. Qe2 c6 12. Qf2 Qe7 13. a3 c5 14. Ne5 cxd4 15. exd4
Rac8 16. Qe3 Ba4 17. Ndf3 Nd7 18. Bd2 Bb3 19. h4 Nxe5 20. fxe5 h6 21. Ke2 Nc7
22. Rag1 b5 23. Ke1 Bc4 24. Bb1 Rfd8 25. Bc1 a5 26. Qd2 Na6 27. h5 g5 28. Qc2
f6 29. Qh7+ Kf8 30. exf6 Qxf6 31. Ne5 Rc7 32. Rf1 Bxf1 33. Rxf1 Qxf1+ 34. Kxf1
Bxe5 35. Qxh6+ Bg7 36. Qxg5 Rcd7 37. Bg6 Kg8 38. h6 Rf8+ 39. Kg2 Bf6 40. Qe3
Re7 41. g5 Bg7 42. hxg7 Kxg7 43. Bd3 Nc7 44. g6 44... Rd7 {Hossa resigns} 1-0

[Event "ICS Unrated blitz match"]
[Site "204.178.125.65"]
[Date "1999.11.28"]
[Round "?"]
[White "Hossa"]
[Black "GeorgeVidan"]
[Result "1-0"]
[WhiteElo "2420"]
[BlackElo "2321"]
[PlyCount "45"]
[EventDate "1999.??.??"]

1. f4 e5 2. fxe5 d6 3. exd6 Bxd6 4. Nf3 g5 5. Nd4 c5 6. Nb5 Be5 7. e4 Nc6 8.
Bc4 Nf6 9. O-O a6 10. N5a3 Qd6 11. Kh1 O-O 12. Be2 Bxh2 13. Nc4 Qg3 14. d3 Ng4
15. Bxg5 Nd4 16. Nb6 Bg1 17. Bf4 Nf2+ 18. Rxf2 Qxf2 19. Bf3 Nxf3 20. Qxf3 Qxf3
21. gxf3 Bd4 22. c3 c4 23. cxd4 {GeorgeVidan resigns} 1-0

[Event "ICS unrated blitz match"]
[Site "204.178.125.65"]
[Date "1999.11.28"]
[Round "?"]
[White "GeorgeVidan"]
[Black "Hossa"]
[Result "0-1"]
[WhiteElo "2321"]
[BlackElo "2420"]
[PlyCount "68"]
[EventDate "1999.??.??"]

1. d4 d5 2. f4 Nf6 3. Nf3 Nbd7 4. e3 e6 5. a3 Bd6 6. Nc3 c5 7. Nb5 Be7 8. a4 a6
9. Nc3 Qa5 10. Bd2 cxd4 11. exd4 O-O 12. Bd3 Qb6 13. a5 Qc7 14. Ng5 Nb8 15. g3
Nc6 16. Be3 Nxa5 17. Rxa5 Qxa5 18. h4 h6 19. Bf1 Bd7 20. Kf2 Qb6 21. Bd3 Qxb2
22. Nb1 Bb5 23. Nd2 Bxd3 24. cxd3 Bb4 25. Kf3 Bxd2 26. Bxd2 Qxd4 27. Be3 Qc3
28. Rh2 hxg5 29. hxg5 d4 30. Bf2 Qc6+ 31. Ke2 Ng4 32. Rh4 Nxf2 33. Kxf2 Rfc8
34. f5 34... Qc2+ {GeorgeVidan resigns} 0-1

[Event "ICS unrated blitz match"]
[Site "204.178.125.65"]
[Date "1999.11.28"]
[Round "?"]
[White "Hossa"]
[Black "GeorgeVidan"]
[Result "1-0"]
[WhiteElo "2420"]
[BlackElo "2321"]
[PlyCount "33"]
[EventDate "1999.??.??"]

1. f4 e5 2. fxe5 d6 3. exd6 Bxd6 4. Nf3 g5 5. Nd4 Nc6 6. Nxc6 bxc6 7. Nc3 g4 8.
g3 Nf6 9. Bg2 O-O 10. Bxc6 Rb8 11. O-O Rb6 12. Bg2 Nh5 13. d4 Nxg3 14. hxg3
Bxg3 15. Ne4 Bd6 16. Nf6+ Kh8 17. Qd3 {GeorgeVidan resigns} 1-0

[Event "ICS unrated blitz match"]
[Site "204.178.125.65"]
[Date "1999.11.28"]
[Round "?"]
[White "GeorgeVidan"]
[Black "Hossa"]
[Result "1/2-1/2"]
[WhiteElo "2321"]
[BlackElo "2420"]
[PlyCount "90"]
[EventDate "1999.??.??"]

1. Nf3 Nf6 2. c3 d5 3. d4 Bf5 4. e3 e6 5. Bd3 Ne4 6. Bxe4 dxe4 7. Ne5 Nd7 8.
Qa4 c6 9. Nxd7 Qxd7 10. Nd2 c5 11. Qxd7+ Kxd7 12. f3 exf3 13. gxf3 cxd4 14.
cxd4 Rc8 15. e4 Bg6 16. a3 Bd6 17. h4 h5 18. Ke2 Rc2 19. Kd3 Rhc8 20. Nb3 R2c6
21. Bd2 Rb6 22. Na5 Rxb2 23. Rhb1 Rxb1 24. Rxb1 b6 25. Nc4 Be7 26. a4 Bxh4 27.
Ne5+ Ke7 28. Nxg6+ fxg6 29. a5 bxa5 30. Rb7+ Kf8 31. Rxa7 a4 32. Rxa4 Bf6 33.
e5 Be7 34. Bb4 Bxb4 35. Rxb4 Rd8 36. Ke4 h4 37. Kf4 Ke8 38. Kg4 g5 39. Kxg5 h3
40. Rb2 Rxd4 41. Rh2 Rd5 42. Kf4 Rd4+ 43. Kg5 Rd5 44. Kf4 Rd4+ 45. Kg5 45...
Rd5 {Game drawn by repetition} 1/2-1/2

[Event "ICS unrated blitz match"]
[Site "204.178.125.65"]
[Date "1999.11.28"]
[Round "?"]
[White "Hossa"]
[Black "GeorgeVidan"]
[Result "1-0"]
[WhiteElo "2420"]
[BlackElo "2321"]
[PlyCount "53"]
[EventDate "1999.??.??"]

1. f4 e5 2. fxe5 d6 3. exd6 Bxd6 4. Nf3 g5 5. Nd4 c5 6. Nb5 Be5 7. e4 Nc6 8.
Bc4 Nf6 9. O-O a6 10. N5a3 O-O 11. d3 Ng4 12. g3 h6 13. c3 Qd7 14. Qe2 Kg7 15.
Rf5 Nf6 16. h4 g4 17. Qe3 Rh8 18. Rf2 Qd6 19. Rg2 Be6 20. Bxe6 fxe6 21. Nc4 Qd7
22. Nb6 Qd6 23. Nxa8 Nd4 24. Kh1 Nf3 25. Nd2 Bxg3 26. Nxf3 gxf3 27. Qxf3 {
GeorgeVidan resigns} 1-0